[Event "ch-Central Serbia Int Open A"]
[Site "Paracin SRB"]
[Date "2011.07.09"]
[Round "3.13"]
[White "Weinzettl,E"]
[Black "Lajthajm,B"]
[Result "0-1"]
[WhiteElo "2335"]
[BlackElo "2481"]

1.e4 c5 2.Nc3 Nc6 3.Nf3 g6 4.Bb5 Bg7 5.Bxc6 dxc6 6.d3 c4 7.O-O cxd3 8.cxd3 Nf6
9.h3 O-O 10.Be3 e5 11.Na4 Qc7 12.Qc2 b6 13.Rfd1 Ba6 14.Rac1 Qe7 15.b4 Rfd8
16.a3 Rac8 17.Nb2 Rd7 18.Qa4 Bb5 19.Qb3 Nh5 20.a4 Ba6 21.b5 Bb7 22.bxc6 Rxc6
23.Rxc6 Bxc6 24.Rc1 Bb7 25.Qc4 h6 26.Nd1 Qd6 27.Ne1 Kh7 28.Nc3 Rc7 29.Qb3 Qd7
30.Nb5 Rxc1 31.Bxc1 Bc6 32.Be3 Nf4 33.Kh2 Ne6 34.Qc4 a6 35.Nc3 b5 36.axb5 axb5  0-1

[Event "XXXIV Open"]
[Site "Barbera del Valles ESP"]
[Date "2011.07.10"]
[Round "7"]
[White "Jareno Badenas,A"]
[Black "Marmili,G"]
[Result "0-1"]
[WhiteElo "2026"]
[BlackElo "2165"]

1.e4 c5 2.Nc3 Nc6 3.Bb5 Nd4 4.Bc4 d6 5.Nge2 g6 6.Nxd4 cxd4 7.Ne2 Bg7 8.d3 Qb6
9.O-O Nf6 10.Bb3 O-O 11.Bd2 Bd7 12.a4 Rac8 13.c3 dxc3 14.Bxc3 e5 15.h3 Be6
16.Bxe6 fxe6 17.Ra3 Nd7 18.d4 Qc6 19.dxe5 dxe5 20.Bb4 Nc5 21.Bxc5 Qxc5 22.Rc3 Qb6
23.Qc2 Rcd8 24.Rb3 Qa6 25.Nc3 Qc6 26.Rd1 Rd4 27.Ra3 Rfd8 28.Raa1 Qc4 29.Qc1 Rxd1+
30.Nxd1 Qxe4 31.Nc3 Qf4 32.Qxf4 exf4 33.Rd1 Rxd1+ 34.Nxd1 Bd4 35.Kf1 e5 36.f3 Kf7
37.Ke2 Ke6 38.Kd3 Kd5 39.b3 g5 40.b4 h5 41.b5 g4 42.h4 g3 43.a5 Kc5 44.b6 axb6
45.axb6 Kd5  0-1

[Event "Karvina Open"]
[Site "Karvina CZE"]
[Date "2011.07.10"]
[Round "9"]
[White "Zwardon,V"]
[Black "Plat,V"]
[Result "1/2-1/2"]
[WhiteElo "2231"]
[BlackElo "2410"]

1.e4 c5 2.Nc3 Nc6 3.Bb5 Nd4 4.Bc4 d6 5.Nge2 Nf6 6.d3 Nxe2 7.Qxe2 e6 8.O-O Be7
9.Bf4 O-O 10.Qf3 Bd7 11.Bb5 Bxb5 12.Nxb5 a6 13.Nc3 b5 14.e5 dxe5 15.Bxe5 Nd7
16.Qg3 Nxe5 17.Qxe5 Bd6 18.Qe3 Qc7 19.g3 Be5 20.Rfe1 Bd4 21.Qc1 Rad8 22.Ne4 c4
23.dxc4 Qxc4 24.c3 Bb6 25.a4 h6 26.axb5 f5 27.Nd2 Qc5 28.Re2 f4 29.Ne4 Qxb5
30.c4 Qh5 31.Qf1 Rd4 32.Rxa6 Rfd8 33.Nc3 R4d6 34.c5 Bxc5 35.Rxd6 Rxd6 36.Ne4 fxg3
37.hxg3 Rd3 38.Nxc5 Qxc5 39.Qh3 Rd6 40.Qg4 Qc6  1/2-1/2

[Event "111th ch-SUI"]
[Site "Leukerbad SUI"]
[Date "2011.07.10"]
[Round "4"]
[White "Lipecki,A"]
[Black "Riff,V"]
[Result "0-1"]
[WhiteElo "2129"]
[BlackElo "2354"]

1.e4 c5 2.Nc3 Nc6 3.Bb5 Nd4 4.Ba4 g6 5.Nf3 Bg7 6.O-O e6 7.Bb3 Ne7 8.d3 Nec6
9.Bc4 O-O 10.Nxd4 Nxd4 11.Ne2 d5 12.Bb3 Nxb3 13.axb3 b6 14.Nc3 Bb7 15.Qe2 Qd7
16.Rd1 f5 17.h4 f4 18.Qg4 Qf7 19.Nb5 Bc6 20.Rxa7 Rxa7 21.Nxa7 h5 22.Qh3 Bd7
23.c4 e5 24.Qh1 d4  0-1

[Event "Myrhorod Open A"]
[Site "Myrhorod UKR"]
[Date "2011.07.10"]
[Round "3.26"]
[White "Bondar,W"]
[Black "Solonsky,Alexandr"]
[Result "1-0"]
[WhiteElo "2135"]
[BlackElo "1970"]

1.e4 c5 2.Nc3 Nc6 3.Bb5 Nd4 4.Nf3 Nxb5 5.Nxb5 a6 6.Nc3 e6 7.d4 b5 8.Be3 cxd4
9.Qxd4 Bb7 10.O-O Nf6 11.a3 Be7 12.Rad1 O-O 13.Bg5 d5 14.e5 Ne4 15.Bxe7 Qxe7
16.Ne2 Rfc8 17.c3 Rc4 18.Qe3 a5 19.Rd4 Rxd4 20.cxd4 Rc8 21.Rc1 Rc4 22.Nd2 Nxd2
23.Qxd2 Qc7 24.b3 Rxc1+ 25.Qxc1 Qxc1+ 26.Nxc1 Kf8 27.f4 f6 28.Nd3 Ke7 29.Kf2 Bc6
30.Kf3 Be8 31.Nc5 Bg6 32.Nb7 b4 33.axb4 axb4 34.Nc5 h5 35.g3 Bf5 36.h4 Bh3
37.Na6 Kf7 38.Ke3 Bg4 39.Kd2 Kg6 40.Nxb4 Kf5 41.Nd3 fxe5 42.Nxe5 Bh3 43.Ke3 Bf1
44.b4 Bb5 45.Nd3 Kg4 46.Nc5 Kxg3 47.Nxe6 g6 48.Nf8 Kxh4 49.Nxg6+ Kg4 50.Ne5+ Kf5
51.Nf3 Kg4 52.Nh2+ Kf5 53.Nf3 Kg4 54.Ne5+ Kf5 55.Kf3 h4 56.Nf7 Ba4 57.b5 h3
58.b6 h2 59.Kg2 Bc6 60.Ne5 Bb7 61.Nd3 Ke4 62.Nc5+ Kxf4 63.Nxb7 Ke4 64.Nd6+ Kxd4
65.b7  1-0

[Event "86th ch-Paris IdF"]
[Site "Paris FRA"]
[Date "2011.07.10"]
[Round "9.6"]
[White "Roser,K"]
[Black "Dourerassou,J"]
[Result "1-0"]
[WhiteElo "2446"]
[BlackElo "2413"]

1.e4 c5 2.Nf3 Nc6 3.Nc3 e5 4.Bc4 Be7 5.d3 Nf6 6.O-O O-O 7.Ng5 d6 8.f4 Bg4
9.Qe1 Nd4 10.fxe5 dxe5 11.Qh4 h6 12.Nxf7 Rxf7 13.Bxf7+ Kxf7 14.Qxg4 Nxc2
15.Rb1 Qd4+ 16.Kh1 Qxd3 17.Bxh6 gxh6 18.Nd5 Rd8 19.Nxe7 Ne3 20.Qg6+ Kxe7
21.Qxf6+ Kd7 22.Rfe1 Kc8 23.Qe6+ Rd7 24.Qe8+ Rd8 25.Qxe5 Qc2 26.Qg3 Nd1 27.Qg4+  1-0

[Event "Open ch-SVK A"]
[Site "Banska Stiavnica SVK"]
[Date "2011.07.11"]
[Round "3"]
[White "Giertli,V"]
[Black "Markos,J"]
[Result "0-1"]
[WhiteElo "2113"]
[BlackElo "2585"]

1.e4 c5 2.Nf3 Nc6 3.Nc3 Nf6 4.Bb5 Qc7 5.O-O Nd4 6.Bc4 e6 7.Re1 Ng4 8.g3 Nxf3+
9.Qxf3 Ne5 10.Qe2 Be7 11.f4 Nxc4 12.Qxc4 a6 13.a4 b6 14.d4 Qb7 15.Be3 Rb8
16.d5 b5 17.axb5 axb5 18.Qd3 d6 19.e5 O-O 20.exd6 Bxd6 21.dxe6 Rd8 22.exf7+ Qxf7
23.Nxb5 Be7 24.Qe2 h5 25.c4 Bg4 26.Qf1 Bf6 27.Ra7 Qg6 28.Qf2 Qd3 29.b3 Qxb3
30.Qa2 Qd3 31.Bxc5 Re8 32.Be7 Kh8 33.Ra3 Qd7 34.Ra7 Rxe7 35.Rxd7 Rxe1+ 36.Kf2 Rbe8
37.Rd2 Bh3 38.Kf3 g5 39.fxg5 Bxg5 40.Qb2+ Kg8 41.Qd4 Rf8+ 42.Qf4 Rf1+ 43.Ke4 Bxf4
44.gxf4 R1xf4+  0-1

[Event "St Pauli Open"]
[Site "Hamburg GER"]
[Date "2011.07.11"]
[Round "4.3"]
[White "Juergens,B"]
[Black "Rogozenco,D"]
[Result "1/2-1/2"]
[WhiteElo "2075"]
[BlackElo "2557"]

1.e4 c5 2.Nc3 Nc6 3.Bb5 Nd4 4.Bc4 e6 5.Nge2 Nf6 6.O-O a6 7.d3 Qc7 8.f4 b5
9.Bb3 Nxb3 10.axb3 Bb7 11.Ng3 h5 12.e5 h4 13.Nge4 Nxe4 14.Nxe4 h3 15.Be3 hxg2
16.Re1 d6 17.Qg4 dxe5 18.f5 exf5 19.Qxf5 Bc8 20.Qf3 f5 21.Ng3 Qb7 22.Qf2 Be7
23.Bxc5 O-O 24.Rxe5 Bf6 25.Bxf8 Bxe5 26.Bc5 Qd5 27.d4 Bc7 28.c4 bxc4 29.bxc4 Qxc4
30.Nxf5 Bxf5 31.Qxf5 Rb8 32.Re1 a5 33.b3 Qxb3 34.d5 Qc4 35.Qe6+ Kh8 36.Bf2 Bf4
37.d6 Qd3 38.d7 a4 39.Qg4 Rf8 40.Kxg2 Qd5+ 41.Kg1 Bxh2+ 42.Kxh2 Rxf2+ 43.Kg1 Rf8
44.Re8 Qc5+ 45.Kh1 Qd5+ 46.Kg1 Qc5+ 47.Kh1 Qd5+ 48.Kg1  1/2-1/2

[Event "XX Adolf Anderssen Memorial Open"]
[Site "Wroclaw POL"]
[Date "2011.07.11"]
[Round "3"]
[White "Klim,K"]
[Black "Krasenkow,M"]
[Result "0-1"]
[WhiteElo "2328"]
[BlackElo "2607"]

1.e4 c5 2.Nf3 Nc6 3.Nc3 e5 4.Bc4 Be7 5.d3 d6 6.Nd5 Be6 7.c3 Nf6 8.O-O O-O
9.Nxe7+ Qxe7 10.Bg5 h6 11.Bxf6 Qxf6 12.Nd2 Ne7 13.Bb3 Ng6 14.Nc4 Nf4 15.Ne3 Qg6
16.Kh1 c4 17.Bxc4 Bxc4 18.dxc4 Qxe4 19.Qc2 Qc6 20.f3 Rae8 21.Qe4 Qxe4 22.fxe4 Rd8
23.Rad1 g6 24.Rd2 Ne6 25.Rfd1 Nc5 26.Rxd6 Rc8 27.Kg1 Nxe4 28.Rd7 Nc5 29.Re7 Rfe8
30.Rxe8+ Rxe8 31.b4 Ne4 32.Rd7 Re6 33.Rxb7 Ra6 34.c5 Kg7 35.b5 Ra3 36.b6 axb6
37.cxb6 Rxc3 38.Nd1 Rc1 39.Rd7 Rb1 40.b7 Nc5 41.Rd5 Nxb7 42.Kf2 Kf6 43.Nc3 Rb2+
44.Kf3 Ke6 45.Rd1 Nd6 46.Rb1 Rc2 47.Rb3 Nc4 48.Ne4 f5 49.Nc5+ Kd5  0-1

[Event "XXXIV Open"]
[Site "Barbera del Valles ESP"]
[Date "2011.07.12"]
[Round "9"]
[White "Leon Hoyos,M"]
[Black "Perpinya Rofes,L"]
[Result "1-0"]
[WhiteElo "2548"]
[BlackElo "2395"]

1.e4 c5 2.Nf3 Nc6 3.Nc3 g6 4.d4 cxd4 5.Nxd4 Bg7 6.Be3 Nf6 7.Bc4 O-O 8.Bb3 a5
9.O-O a4 10.Nxa4 Nxe4 11.c4 d6 12.Nb5 Bf5 13.Qe2 Nc5 14.Nxc5 dxc5 15.Rfd1 Nd4
16.Bxd4 cxd4 17.Bc2 Bxc2 18.Qxc2 e5 19.c5 Rc8 20.Qc4 Qd7 21.Rac1 Rc6 22.b4 b6
23.Nd6 bxc5 24.Ne4 Rc7 25.b5 Rb8 26.a4 Kh8 27.Rb1 f5 28.Ng5 Ra7 29.Ne6 Qf7
30.Qxc5 Rxa4 31.Nxg7 Qxg7 32.b6 Raa8 33.f4 Re8 34.fxe5 Rxe5 35.b7 Rb8 36.Qc8+ Qg8
37.Qc7 Qe8 38.Rdc1 d3 39.Qxb8 Qxb8 40.Rc8+ Kg7 41.Rxb8 d2 42.Kf2  1-0

[Event "10th Condom Open A"]
[Site "Condom FRA"]
[Date "2011.07.12"]
[Round "5.7"]
[White "Maenhout,T"]
[Black "Lewis,Jo"]
[Result "1-0"]
[WhiteElo "2365"]
[BlackElo "2107"]

1.e4 c5 2.Nf3 Nc6 3.Nc3 d6 4.d4 cxd4 5.Nxd4 Nf6 6.Bc4 Qb6 7.Nb3 e6 8.O-O a6
9.Kh1 Be7 10.f4 O-O 11.Qf3 Qc7 12.Bd3 Nb4 13.Bd2 Nxd3 14.cxd3 b5 15.Rac1 Qb8
16.Ne2 Bb7 17.Ned4 Rc8 18.Na5 Bd8 19.Nac6 Bxc6 20.Nxc6 Qb7 21.Nxd8 Rxd8 22.Bc3 d5
23.Bxf6 gxf6 24.Qg3+ Kh8 25.f5 e5 26.Qh4 Rd6 27.Rf3 Rg8 28.Rh3 Rg7 29.d4 dxe4
30.dxe5 e3 31.Rg3 Rxg3 32.Qxg3 Qc7 33.Qxe3 Rc6 34.Rxc6 Qxc6 35.e6 fxe6 36.fxe6 Kg8
37.h4 Kf8 38.e7+ Kf7 39.Qh6 Kxe7 40.Qxh7+ Ke6 41.Qg8+ Ke7 42.Qg7+ Ke6 43.Kh2 Qc2
44.Qg8+ Ke7 45.Qg7+ Ke6 46.Qg4+ Kf7 47.Qd4 Kg6 48.Kh3 Qb1 49.a3 Qh1+ 50.Kg3 Qe1+
51.Kf3 Qf1+ 52.Kg3 Qe1+ 53.Kh2 Qc1 54.Qc3 Qb1 55.Kg3 Qe4 56.b4 f5 57.Qf3 Qe1+
58.Qf2 Qc3+ 59.Kh2 Qxa3 60.Qg3+ Qxg3+ 61.Kxg3 Kh5 62.Kf4 Kxh4 63.Kxf5 a5
64.bxa5 b4 65.a6  1-0

[Event "St Pauli Open"]
[Site "Hamburg GER"]
[Date "2011.07.12"]
[Round "5.1"]
[White "Stenner,P"]
[Black "Jugelt,T"]
[Result "0-1"]
[WhiteElo "2220"]
[BlackElo "2403"]

1.e4 c5 2.Nc3 Nc6 3.Bb5 Nd4 4.Bc4 e6 5.Nge2 Ne7 6.O-O Nec6 7.d3 Be7 8.f4 O-O
9.Nxd4 Nxd4 10.Bb3 d6 11.Be3 Bf6 12.Kh1 Bd7 13.Qd2 b5 14.Bxd4 Bxd4 15.Nd1 g6
16.c3 Bg7 17.Ne3 f5 18.exf5 gxf5 19.Rf3 Qf6 20.Re1 Kh8 21.Nd1 Rae8 22.d4 cxd4
23.cxd4 Bc6 24.Rfe3 Be4 25.d5 Bh6 26.Qf2 e5 27.Rh3 exf4 28.Nc3 Re7 29.Bc2 Rfe8
30.Bxe4 fxe4 31.Nxb5 Bg5 32.Ra3 Rd8 33.Nc3 e3 34.Qe2 Rb7 35.Nd1 Qf5 36.Qd3 Qxd3
37.Rxd3 Rc8 38.g3 Rc1 39.gxf4 Bxf4 40.Kg2 Rxb2+ 41.Kf3 Rd2 42.Rxd2 exd2 43.Re8+ Kg7
44.Ke2 a5 45.Re4 Bxh2 46.Kxd2 Rc5 47.Rg4+ Kh8 48.Ne3 Be5 49.Rc4 Rb5 50.a4 Rb3
51.Nf5 h5 52.Rc6 Rb4 53.Nxd6 Bxd6 54.Rxd6 Kg7 55.Ke3 Rxa4 56.Ra6 Kf7 57.Kf3 Ke7
58.Kg3 Kd7 59.Kf3 h4 60.Kg2 Ra3 61.Rh6 Rg3+ 62.Kh2 Rg4 63.Ra6 a4 64.Kh3 Rb4
65.Kh2 Kc7 66.Kh3 Kb7 67.Ra5 Kb6 68.Ra8 Kb7 69.Ra5 Rd4 70.d6 Kb6 71.Ra8 Kb5
72.d7 Rxd7 73.Kxh4 Rg7 74.Rb8+ Kc5 75.Ra8 Kb4 76.Rb8+ Ka3  0-1

[Event "Opatija Summer Open"]
[Site "Opatija CRO"]
[Date "2011.07.12"]
[Round "2.10"]
[White "Plenca,J"]
[Black "Causevic,Miro"]
[Result "1-0"]
[WhiteElo "2339"]
[BlackElo "1738"]

1.e4 c5 2.Nf3 Nc6 3.Nc3 d6 4.d4 cxd4 5.Nxd4 Bd7 6.Bg5 a6 7.Qd2 g6 8.O-O-O Qa5
9.Nb3 Qd8 10.Nd5 f6 11.Be3 b5 12.Bb6 Qc8 13.Nc7+ Kf7 14.Nxa8 Qxa8 15.Kb1 Qb7
16.Be3 Ne5 17.f4 Nc4 18.Bxc4+ bxc4 19.Nc5 Qc6 20.Nxd7 Qxd7 21.e5 f5 22.exd6 e6
23.Bd4 Nf6 24.Bxf6  1-0

[Event "XX Adolf Anderssen Memorial w Final"]
[Site "Wroclaw POL"]
[Date "2011.07.12"]
[Round "1.1"]
[White "Toma,K"]
[Black "Krupa,M"]
[Result "1-0"]
[WhiteElo "2252"]
[BlackElo "2226"]

1.e4 c5 2.Nf3 Nc6 3.Nc3 Nf6 4.Bb5 g6 5.e5 Ng4 6.Bxc6 dxc6 7.h3 Nh6 8.g4 Bg7
9.d3 O-O 10.Be3 f6 11.Qd2 Nf7 12.O-O-O fxe5 13.Bxc5 Be6 14.Kb1 Qa5 15.Ba3 Nd6
16.Ng5 Bd5 17.Nxd5 Qxd5 18.f3 b5 19.Qe2 Rf4 20.Ne4 a5 21.c4 bxc4 22.Bxd6 exd6
23.dxc4 Qe6 24.Nxd6 e4 25.Nxe4 Rb8 26.Rd2 Qe5 27.Rhd1 Rxf3 28.Qxf3 Rxb2+
29.Kc1 h6 30.Rf1 Kh7 31.Nf6+  1-0

[Event "SPA Open A"]
[Site "Amsterdam NED"]
[Date "2011.07.13"]
[Round "5"]
[White "Tan,Mat"]
[Black "Otte,Mari"]
[Result "1-0"]
[WhiteElo "2400"]
[BlackElo "2244"]

1.e4 c5 2.Nf3 Nc6 3.Nc3 g6 4.Bb5 Bg7 5.Bxc6 bxc6 6.O-O e5 7.d3 d6 8.a3 a5
9.Na4 h6 10.Bd2 Nf6 11.Bc3 O-O 12.Nd2 Qc7 13.Nc4 Nd7 14.Qe1 d5 15.Nxa5 f5
16.exf5 Rxf5 17.b4 cxb4 18.axb4 Nf6 19.Nc5 g5 20.Qe2 Bf8 21.Nab3 Bd6  1-0

[Event "13th Sant Marti Open"]
[Site "Barcelona ESP"]
[Date "2011.07.13"]
[Round "1"]
[White "Leiro Giralt,D"]
[Black "Moskalenko,V1"]
[Result "0-1"]
[WhiteElo "2214"]
[BlackElo "2591"]

1.e4 c5 2.Nc3 Nc6 3.Nge2 d6 4.g3 g6 5.d4 cxd4 6.Nxd4 Bg7 7.Nde2 Nf6 8.Bg2 O-O
9.O-O Bd7 10.Nd5 Nxd5 11.exd5 Ne5 12.h3 Qb6 13.Rb1 Rfc8 14.b3 Bf5 15.Be3 Bxc2
16.Bxb6 Bxd1 17.Rfxd1 axb6 18.Rbc1 Rc5 19.a4 Nd7 20.f4 b5 21.axb5 Rxb5 22.Rc7 Nc5
23.Rxe7 Rxb3 24.f5 Bf6  0-1

[Event "I Goi Mailako Centre GM"]
[Site "Donostia ESP"]
[Date "2011.07.13"]
[Round "1"]
[White "Libiszewski,F"]
[Black "Argandona Riveiro,I"]
[Result "1-0"]
[WhiteElo "2480"]
[BlackElo "2388"]

1.e4 c5 2.Nf3 Nc6 3.Nc3 e5 4.Bc4 d6 5.d3 Be7 6.O-O Nf6 7.Ng5 O-O 8.f4 Bg4
9.Qe1 exf4 10.Bxf4 Nd4 11.Qd2 h6 12.Nf3 Bxf3 13.gxf3 Qd7 14.Qg2 Kh8 15.a4 Bd8
16.Kh1 Rg8 17.Rg1 Ne6 18.Bd2 Nd4 19.Be3 Ba5 20.Nd5 Nxd5 21.Bxd5 Raf8 22.f4 Bd8
23.f5 Qe7 24.Raf1 Qd7 25.Qh3 Kh7 26.Rxg7+ Rxg7 27.Bxh6 Qc8 28.Bxg7+ Kxg7
29.Rg1+ Kf6 30.Qh4+ Ke5 31.Qg3+ Kf6 32.Qg5+ Ke5 33.Qg7+  1-0

[Event "5th LCT Open A"]
[Site "Leiden NED"]
[Date "2011.07.14"]
[Round "6"]
[White "Van Overdam,Jan"]
[Black "Van Wessel,R"]
[Result "1/2-1/2"]
[WhiteElo "2062"]
[BlackElo "2371"]

1.e4 c5 2.Nc3 Nc6 3.Bb5 e6 4.Bxc6 bxc6 5.d3 d5 6.f4 Ba6 7.Nf3 Nf6 8.e5 Nd7
9.O-O c4 10.d4 g6 11.g4 c5 12.f5 cxd4 13.Nxd4 Bc5 14.fxe6 fxe6 15.Na4 Bxd4+
16.Qxd4 Qc7 17.Bg5 h6 18.Bf6 O-O 19.Rfe1 Rf7 20.Re3 Raf8 21.Rae1 Bc8 22.Rf1 Qc6
23.b3 Bb7 24.h4 Rxf6 25.Rxf6 Rxf6 26.exf6 e5 27.f7+ Kxf7 28.Rf3+ Kg8 29.Qf2 d4
30.Rh3 c3 31.g5 h5 32.Kf1 Qe4 33.Kg1 Qg4+ 34.Kh2 Bd5 35.Nxc3 dxc3 36.Rxc3 Nf8
37.Rc5 Bf3 38.Rxe5 Qf4+ 39.Qg3 Qd2+ 40.Kg1 Qd4+ 41.Kh2 Qd2+ 42.Kg1 Qd4+ 43.Kh2  1/2-1/2

[Event "Oberwart Open"]
[Site "Oberwart AUT"]
[Date "2011.07.15"]
[Round "7"]
[White "Rogulj,B"]
[Black "Groh,J"]
[Result "1-0"]
[WhiteElo "2399"]
[BlackElo "2116"]

1.e4 c5 2.Nc3 Nc6 3.Bb5 g6 4.Bxc6 dxc6 5.d3 Bg7 6.Be3 b6 7.Qd2 e6 8.Nf3 Qd7
9.e5 h6 10.Ne4 Kf8 11.O-O-O Ne7 12.c4 Nf5 13.g4 Nxe3 14.fxe3 Qc7 15.Qc3 Bd7
16.d4 cxd4 17.Qxd4 Ke7 18.c5 Rhd8 19.Rhf1 Be8 20.Nd6 Kf8 21.g5 bxc5 22.Qxc5 Qb6
23.b4 Rab8 24.a3 Kg8 25.gxh6 Bxh6 26.Rd3 Qxc5+ 27.bxc5 Rb5 28.Kd2 Rxc5 29.Rb1 Bg7
30.e4 Bxe5 31.Nc4 Bf4+ 32.Kc3 Rxd3+ 33.Kxd3 Rb5 34.Rd1 c5 35.Kc3 Bc6 36.Re1 f5
37.Ncd2 Bxd2+ 38.Nxd2 f4 39.Nf3 Kg7 40.Ne5 Be8 41.h4 c4 42.Kd4 Ra5 43.Rf1 c3
44.Rxf4 c2 45.Rf1 Rxa3 46.Rc1 Ra2 47.Nd3 a5 48.Nc5 Kf7 49.Kc3 Kf6 50.Kb3  1-0

[Event "Najdorf Memorial"]
[Site "Warsaw POL"]
[Date "2011.07.15"]
[Round "2.28"]
[White "Zozulia,A"]
[Black "Adamowicz,M"]
[Result "1-0"]
[WhiteElo "2381"]
[BlackElo "1989"]

1.e4 c5 2.Nf3 Nc6 3.Nc3 g6 4.d4 cxd4 5.Nxd4 Bg7 6.Be3 Nf6 7.Be2 O-O 8.O-O d6
9.Kh1 Bd7 10.f4 Rc8 11.Nb3 a6 12.Bf3 b5 13.Qe1 Nb4 14.Qf2 Nxc2 15.Bb6 Qe8
16.Qxc2 b4 17.e5 dxe5 18.fxe5 Ng4 19.Bxg4 Bxg4 20.Qe4 bxc3 21.Qxg4 cxb2 22.Rab1 Bxe5
23.Qe2 Bc3 24.Bd4 Bxd4 25.Nxd4 Qa4 26.Qxb2 Rc4 27.Rbd1 Rfc8 28.Qf2 Qe8 29.Qg3 e6
30.h3 Qa4 31.Qf2 R4c7 32.Qf6 Qe8 33.Nf3 h6 34.Ne5 Rb8 35.Ng4 Qf8 36.Nxh6+ Qxh6
37.Rd8+  1-0

[Event "Najdorf Memorial"]
[Site "Warsaw POL"]
[Date "2011.07.15"]
[Round "2.42"]
[White "Delega,T"]
[Black "Grygierczyk,W"]
[Result "1-0"]
[WhiteElo "2176"]
[BlackElo "2040"]

1.e4 c5 2.Nf3 Nc6 3.Nc3 g6 4.d4 cxd4 5.Nxd4 Bg7 6.Be3 Nf6 7.Be2 O-O 8.f4 d6
9.Nb3 Bd7 10.O-O a6 11.Bf3 Na5 12.e5 Ne8 13.Nxa5 Qxa5 14.Nd5 e6 15.Nb6 Rd8
16.Bxb7 Qb5 17.c4 Qxb2 18.Rb1 Qc3 19.Bd4 Qa5 20.Nxd7 Rxd7 21.Bb6 Qxa2 22.Bc6 Re7
23.exd6 Nxd6 24.Qxd6 Bf6 25.Qd3 Rc8 26.Rf2  1-0

[Event "Andorra Open"]
[Site "Arinsal AND"]
[Date "2011.07.16"]
[Round "1.17"]
[White "Rodriguez Guerrero,E"]
[Black "Nieves Cabanes,J"]
[Result "1-0"]
[WhiteElo "2449"]
[BlackElo "1910"]

1.e4 c5 2.Nf3 Nc6 3.Nc3 g6 4.d4 cxd4 5.Nxd4 Bg7 6.Be3 Nf6 7.Bc4 O-O 8.Bb3 d6
9.f3 Bd7 10.Qd2 Rc8 11.O-O-O Nxd4 12.Bxd4 b5 13.e5 dxe5 14.Bxe5 Bc6 15.Qxd8 Rfxd8
16.a4 a6 17.axb5 axb5 18.Na2 Bh6+ 19.Kb1 Nd7 20.Bd4 e5 21.Bc3 Bg7 22.Bd5 Nb8
23.Nb4 Bxd5 24.Nxd5 Nc6 25.Rhe1 Rb8 26.Rd3 Nd4 27.Ne7+ Kf8 28.Bb4 Ke8 29.c3 Ne6
30.Nd5 Rd7 31.Red1 Rbd8 32.Ba5 Ra8 33.Bb6 Rb8 34.Ba5 Ra8 35.b4 Kf8 36.Kb2 Rc8
37.Bb6 Rc6 38.Bf2 f5 39.Bg3 Rcd6 40.Nf6 Bxf6 41.Rxd6 Rxd6 42.Rxd6 Ke7 43.Rd5 Nc7
44.Rc5 Kd6 45.Kc2 h5 46.h4 Bg7 47.Kd3 Bf6 48.c4 bxc4+ 49.Kxc4 Na6 50.Rd5+ Ke6
51.b5 Nb8 52.b6 f4 53.Bf2 Be7 54.b7 Bd6 55.Ba7 Nc6 56.Rxd6+ Kxd6 57.b8=Q+ Nxb8
58.Bxb8+  1-0

[Event "10th Bergamo Open"]
[Site "Bergamo ITA"]
[Date "2011.07.16"]
[Round "4.8"]
[White "Player,E"]
[Black "Vezzosi,P"]
[Result "0-1"]
[WhiteElo "2214"]
[BlackElo "2355"]

1.e4 c5 2.Nc3 Nc6 3.Bb5 Nd4 4.Bc4 e6 5.Nge2 Nf6 6.O-O d6 7.d3 Be7 8.Nxd4 cxd4
9.Ne2 Qb6 10.Bb3 O-O 11.Ng3 a5 12.a3 Bd7 13.f4 Qc5 14.f5 a4 15.Ba2 Rfc8 16.Rf2 exf5
17.Nxf5 Bxf5 18.exf5 h6 19.Qf3 d5 20.Qg3 Ra6 21.Bd2 Bd6 22.Qf3 Qb5 23.Bc1 Rac6
24.Bb1 Re8 25.Ra2 Rc7 26.Bd2 Rce7 27.g4 Qb6 28.b4 Ne4 29.f6 Nxd2 30.Qd1 Re1+  0-1

[Event "2nd Girona Open"]
[Site "Girona ESP"]
[Date "2011.07.16"]
[Round "3"]
[White "Bonell Gleich,X"]
[Black "Barrera Clot,C"]
[Result "0-1"]
[WhiteElo "1628"]
[BlackElo "2108"]

1.e4 c5 2.Nc3 Nc6 3.Nf3 g6 4.d4 cxd4 5.Nxd4 Bg7 6.Nxc6 bxc6 7.Bc4 Qa5 8.Qf3 Nf6
9.O-O O-O 10.Bd2 Bb7 11.Qe2 d6 12.f3 Qh5 13.Ba6 Rab8 14.Bxb7 Rxb7 15.Rab1 Rfb8
16.b3 Nd7 17.Na4 Be5 18.g3 Nf8 19.Qc4 Ne6 20.f4 Bg7 21.f5 gxf5 22.Rxf5 Qh3
23.Be3 d5 24.Qd3 dxe4 25.Qxe4 Rb5 26.Rbf1 Rxf5 27.Rxf5 Rd8 28.Rf1 Bf6 29.Qf3 Nd4
30.Bxd4 Rxd4 31.Rd1 Qd7 32.Rd3 Rxd3 33.Qxd3 Qxd3 34.cxd3 Bd4+ 35.Kf1 f5 36.b4 e5
37.Nc5 Bxc5 38.bxc5 Kf7 39.Ke2 Ke6 40.h3 h5 41.Kf3 Kd5 42.g4 fxg4+ 43.hxg4 hxg4+
44.Kxg4 Kxc5 45.Kf5 Kd4 46.a4 Kxd3 47.Kxe5 c5 48.Kd5 c4 49.a5 c3 50.Kc6 c2
51.Kb7 c1=Q 52.Kxa7 Qc6 53.a6 Kc4  0-1

[Event "TCh-Euro Open Girls"]
[Site "Iasi ROU"]
[Date "2011.07.16"]
[Round "2.2"]
[White "Varga,Kl"]
[Black "Krumova,A"]
[Result "1-0"]
[WhiteElo "2161"]
[BlackElo "1961"]

1.e4 c5 2.Nf3 Nc6 3.Nc3 g6 4.d4 cxd4 5.Nxd4 Bg7 6.Be3 d6 7.Qd2 Nf6 8.f3 a6
9.Bc4 Bd7 10.Bb3 Rc8 11.Nd5 Nxd5 12.exd5 Ne5 13.O-O O-O 14.Rae1 Nc4 15.Bxc4 Rxc4
16.b3 Rc8 17.Bh6 Re8 18.Re4 e5 19.dxe6 fxe6 20.Bxg7 Kxg7 21.f4 Qf6 22.Rfe1 Rc5
23.c4 b6 24.Qe2 e5 25.b4 Rcc8 26.fxe5 Rxe5 27.Rxe5 dxe5 28.Qxe5 Qxe5 29.Rxe5 Kf6
30.Rd5 Be8 31.c5 bxc5 32.bxc5 Bf7 33.Rd6+ Ke5 34.Nf3+ Kf5 35.g4+ Kxg4 36.Ne5+ Kh3
37.Rd3+  1-0

[Event "III Corporation Cup A"]
[Site "Izhevsk RUS"]
[Date "2011.07.16"]
[Round "2"]
[White "Lastin,A"]
[Black "Shaidullina,S"]
[Result "1/2-1/2"]
[WhiteElo "2611"]
[BlackElo "2158"]

1.e4 c5 2.Nf3 Nc6 3.Nc3 Nf6 4.Bb5 Nd4 5.e5 Nxb5 6.Nxb5 Nd5 7.Ng5 f6 8.exf6 Nxf6
9.c4 g6 10.O-O Bg7 11.d4 a6 12.Nc3 cxd4 13.Qxd4 O-O 14.c5 Nh5 15.Qc4+ e6
16.Be3 h6 17.Nf3 d5 18.cxd6 Qxd6 19.Rad1 Qc6 20.Qxc6 bxc6 21.Bd4 Rb8 22.Bxg7 Kxg7
23.b3 Nf6 24.Ne5 c5 25.Na4 Rb5 26.Rc1 Rd8 27.Nxc5 Rd5 28.Ncd3 Bd7 29.f4 Be8
30.Rc7+ Nd7 31.Rfc1 Kf8 32.Ra7 Nxe5 33.Nxe5 Rbc5 34.Rxc5 Rxc5 35.Rxa6 Rc1+
36.Kf2 Ke7 37.h4 h5 38.b4 Rd1 39.Ra7+ Kd6 40.Ra8 Ke7 41.g3 Rb1 42.a3 Rb3
43.Ra5 Kf6 44.Ra8 Ke7 45.g4 hxg4 46.Nxg4 Bc6 47.Ra7+ Kd6 48.Ne5 Be8 49.Ra8 Ke7
50.Ra5 Kf6 51.Ng4+ Ke7 52.Ra7+ Kd6 53.Ra6+ Ke7 54.Ne3 Bb5 55.Ra5 Rb2+ 56.Kg3 Bc6
57.Ng4 Rb3+ 58.Kf2 Rf3+ 59.Ke2 Rxf4 60.Rg5 Be8 61.Ke3 Rf1 62.Ra5 Rh1 63.Ra7+ Kd6
64.Nf2 Re1+ 65.Kd2  1/2-1/2

[Event "Pinnacle 48th COCC"]
[Site "Toronto CAN"]
[Date "2011.07.16"]
[Round "8"]
[White "Perez Rodriguez,L"]
[Black "Perelshteyn,E"]
[Result "1/2-1/2"]
[WhiteElo "2467"]
[BlackElo "2534"]

1.e4 c5 2.Nf3 Nc6 3.Nc3 g6 4.d4 cxd4 5.Nxd4 Bg7 6.Be3 Nf6 7.Nxc6 bxc6 8.e5 Ng8
9.Bd4 Qa5 10.Bc4 Bxe5 11.O-O Nh6 12.Bxe5 Qxe5 13.Re1 Qg7 14.Nd5 cxd5 15.Qxd5 Bb7
16.Qxb7 O-O 17.b3 e6 18.Qxd7 Rfd8 19.Qb7 Nf5 20.Rad1 Qc3 21.Qe4 a5 22.Rd3 Rxd3
23.Bxd3 Rc8 24.h4  1/2-1/2

[Event "2nd Vaujany Open A"]
[Site "Vaujany FRA"]
[Date "2011.07.16"]
[Round "3.8"]
[White "Nevednichy,V"]
[Black "Kovacs,Laj2"]
[Result "1-0"]
[WhiteElo "2523"]
[BlackElo "2225"]

1.e4 c5 2.Nc3 Nc6 3.Bb5 d6 4.f4 e6 5.Bxc6+ bxc6 6.Nf3 Ne7 7.d3 Rb8 8.b3 g6
9.Bb2 Bg7 10.O-O O-O 11.Na4 Bxb2 12.Nxb2 f5 13.Qd2 fxe4 14.dxe4 d5 15.c4 Qc7
16.Ne5 Ba6 17.Qe3 dxc4 18.Nbxc4 Bxc4 19.Nxc4 Rb7 20.Rad1 Rb5 21.Qh3 Rf6 22.Ne5 Rb7
23.Qc3 Rf8 24.Qc4 Rf6 25.Ng4 Kg7 26.Nxf6 Kxf6 27.Qc3+ Kf7 28.Qh8  1-0

[Event "13th Sant Marti Open"]
[Site "Barcelona ESP"]
[Date "2011.07.17"]
[Round "5"]
[White "Ryan,Jo"]
[Black "Gonzalez Perez,A"]
[Result "1/2-1/2"]
[WhiteElo "2267"]
[BlackElo "2490"]

1.e4 c5 2.Nc3 Nc6 3.Bb5 d6 4.Bxc6+ bxc6 5.d3 g6 6.f4 Bg7 7.Nf3 f5 8.e5 Nh6
9.O-O O-O 10.exd6 exd6 11.Na4 Bd4+ 12.Kh1 Ng4 13.Qd2 Re8 14.h3 Nf6 15.Re1 Nd5
16.Rxe8+ Qxe8 17.Qe1 Qxe1+ 18.Nxe1 Bf2 19.Bd2 Bg3 20.Nf3 Bxf4 21.Re1 Bxd2
22.Nxd2 Ba6 23.c4 Nf4 24.Re7 Nxd3 25.b3 Ne5 26.Nf3 Nf7 27.Rc7 Bc8 28.h4 h6
29.Nc3 Kf8 30.Rxc6 Bb7 31.Rc7 Bxf3 32.gxf3 Re8 33.Nd5 Re1+ 34.Kg2 Re2+ 35.Kg3 Rxa2
36.Nf4 Kg7 37.h5 g5 38.Nd5 Rb2 39.Ne7 Rxb3 40.Nxf5+ Kf6 41.Rxa7 Kxf5 42.Rxf7+ Ke5
43.Rh7 Rc3 44.Rxh6 Rxc4 45.Rg6 Rc1 46.Rxg5+ Kf6 47.Rg6+ Ke7 48.Kf4 Rh1 49.h6 d5
50.Rc6 c4 51.Ke5 Rh5+ 52.Kd4 Kf7 53.f4 Kg8 54.Rc7 Kh8 55.Rd7 Kg8 56.Rc7  1/2-1/2

[Event "34th Taminco Open"]
[Site "Ghent BEL"]
[Date "2011.07.18"]
[Round "5.13"]
[White "Larmuseau,Mi"]
[Black "Muhren,B"]
[Result "0-1"]
[WhiteElo "2094"]
[BlackElo "2307"]

1.e4 c5 2.Nc3 Nc6 3.Bb5 Nd4 4.Bc4 g6 5.Nf3 Bg7 6.Nxd4 cxd4 7.Qf3 e6 8.Nb5 d6
9.Qa3 Ke7 10.c3 Qb6 11.d3 Qc5 12.b4 Qb6 13.Nxd4 Bd7 14.Be3 Qc7 15.O-O Nf6
16.h3 Nxe4 17.dxe4 Qxc4 18.Rfd1 Rhd8 19.Rac1 b6 20.Qb2 e5 21.Qb3 Rac8 22.Nf3 Be6
23.Qxc4 Bxc4 24.Nd2 Ke6 25.Nf3 h6 26.Rd2 Rd7 27.Re1 Bb5 28.Rc2 Bd3 29.Rcc1 Rdc7
30.Bd2 Rc4 31.Nh2 Rxe4 32.Ng4 Rxe1+ 33.Rxe1 f5 34.Ne3 Bb5 35.Ra1 Ba4 36.Rc1 f4
37.Nf1 d5 38.Nh2 g5 39.Kf1 e4 40.Ke2 Bb5+ 41.Kd1 h5 42.a3 Be5 43.Be1 f3  0-1